Design and Development of Foreign Object Debris (FOD) Detection System (Record no. 326482)
[ view plain ]
| 000 -LEADER | |
|---|---|
| fixed length control field | 00417 a2200133 4500 |
| 001 - CONTROL NUMBER | |
| control field | 91409 |
| 082 ## - DEWEY DECIMAL CLASSIFICATION NUMBER | |
| Classification number | PR 1305 |
| 090 ## - LOCALLY ASSIGNED LC-TYPE CALL NUMBER (OCLC); LOCAL CALL NUMBER (RLIN) | |
| -- | 43539 |
| -- | 43538 |
| 100 ## - MAIN ENTRY--PERSONAL NAME | |
| Personal name | Raja Shoaib M. Minhas; Prof Junaid Hafeez and Tauseef UR Rehman (Advisors) |
| 245 ## - TITLE STATEMENT | |
| Title | Design and Development of Foreign Object Debris (FOD) Detection System |
| Number of part/section of a work | 72 "B" Ec |
| 260 ## - PUBLICATION, DISTRIBUTION, ETC. | |
| Place of publication, distribution, etc. | Rawalpindi |
| Name of publisher, distributor, etc. | NUST |
| Date of publication, distribution, etc. | 2012 |
| 300 ## - PHYSICAL DESCRIPTION | |
| Extent | x, 51p |
| 500 ## - GENERAL NOTE | |
| General note | BE Project Reports |
| 942 ## - ADDED ENTRY ELEMENTS (KOHA) | |
| Institution code [OBSOLETE] | CAE NUST |
| Call number prefix | PR 1305 |
| Withdrawn status | Lost status | Damaged status | Not for loan | Collection code | Permanent Location | Current Location | Date acquired | Total Checkouts | Full call number | Barcode | Date last seen | Price effective from | Koha item type |
|---|---|---|---|---|---|---|---|---|---|---|---|---|---|
| College of Aeronautical Engineering (CAE) | College of Aeronautical Engineering (CAE) | 04/03/2017 | PR 1305 | CAEPR-1305 | 04/05/2017 | 04/05/2017 | Book |
